[Event "Budapest FS03 IM"]
[Site "Budapest"]
[Date "1999.03.11"]
[Round "6"]
[White "Kiss, Gedeon"]
[Black "Toth, Andras"]
[Result "1-0"]
[WhiteElo "2259"]
[BlackElo "2301"]
[PlyCount "75"]
[EventDate "1999.03.??"]
[EventType "tourn"]
[EventRounds "13"]
[EventCountry "HUN"]
[EventCategory "3"]
[SourceTitle "EXT 2000"]
[Source "ChessBase"]
[SourceDate "1999.11.16"]
[SourceVersion "1"]
[SourceVersionDate "1999.11.16"]
[SourceQuality "1"]

1. e4 e5 2. Nf3 Nc6 3. Bb5 a6 4. Ba4 Nf6 5. Qe2 Be7 6. c3 b5 7. Bb3 0-0 8. d4 d6 9. 0-0 Bg4 10. Rd1 exd4 11. cxd4 d5 12. e5 Ne4 13. Nc3 Nxc3 14. bxc3 Qd7 15. h3 Bh5 16. a4 Rab8 17. axb5 axb5 18. Ra6 Nd8 19. Be3 Ne6 20. Rf1 c6 21. g4 Bg6 22. Nd2 b4 23. c4 dxc4 24. Qxc4 Rbd8 25. f4 Nxd4 26. f5 Nxf5 27. gxf5 Bxf5 28. Ra7 Qd3 29. Qxd3 Bxd3 30. Rxe7 Bxf1 31. Kxf1 Rde8 32. Bc5 Rxe7 33. Bxe7 Re8 34. Bd6 g6 35. Ke2 Kg7 36. Kd3 f5 37. Nf3 h6 38. h4 1-0

[Event "Budapest FS03 IM"]
[Site "Budapest"]
[Date "1999.03.10"]
[Round "5"]
[White "Gara, Anita"]
[Black "Kiss, Gedeon"]
[Result "1/2-1/2"]
[WhiteElo "2287"]
[BlackElo "2259"]
[PlyCount "81"]
[EventDate "1999.03.??"]
[EventType "tourn"]
[EventRounds "13"]
[EventCountry "HUN"]
[EventCategory "3"]
[SourceTitle "EXT 2000"]
[Source "ChessBase"]
[SourceDate "1999.11.16"]
[SourceVersion "1"]
[SourceVersionDate "1999.11.16"]
[SourceQuality "1"]

1. e4 c5 2. Nf3 e6 3. d4 cxd4 4. Nxd4 a6 5. Bd3 d5 6. exd5 Qxd5 7. 0-0 Nd7 8. Be3 Ngf6 9. c4 Qd6 10. Nc3 Be7 11. Rc1 0-0 12. Na4 b6 13. b4 Qxb4 14. Nc6 Qd6 15. Qf3 Rb8 16. Nxb8 Qxb8 17. Rb1 Bb7 18. Qh3 Nc5 19. Nxc5 bxc5 20. Bg5 h6 21. Bxf6 Bxf6 22. Be4 Bxe4 23. Rxb8 Rxb8 24. Qe3 Bb1 25. Qxc5 Bxa2 26. Qd6 Rb2 27. Qxa6 g6 28. c5 Bd5 29. Rd1 Rc2 30. Qb5 h5 31. g3 Kg7 32. h4 Bf3 33. Rb1 Bd5 34. Qb4 Rc4 35. Qa3 Rc3 36. Qa5 Rc2 37. Rd1 Bf3 38. Rf1 Bd5 39. Qb4 Rc4 40. Qa3 Rc3 41. Qb4 1/2-1/2

[Event "HUN-chT 9899"]
[Site "Hungary"]
[Date "1999.??.??"]
[Round "?"]
[White "Horvath, Zoltan"]
[Black "Kiss, Gedeon"]
[Result "1-0"]
[WhiteElo "2345"]
[BlackElo "2235"]
[PlyCount "113"]
[EventDate "1998.??.??"]
[EventType "team"]
[EventRounds "12"]
[EventCountry "HUN"]
[SourceTitle "EXT 2000"]
[Source "ChessBase"]
[SourceDate "1999.11.16"]
[SourceVersion "1"]
[SourceVersionDate "1999.11.16"]
[SourceQuality "1"]

1. e4 c5 2. Nf3 e6 3. d4 cxd4 4. Nxd4 Nf6 5. Bd3 Nc6 6. Nxc6 dxc6 7. 0-0 e5 8. Nd2 Qc7 9. a4 Be6 10. Qf3 Be7 11. Nc4 0-0 12. Bd2 Rfd8 13. Bc3 Nd7 14. Qg3 f6 15. b4 b5 16. Ne3 a5 17. axb5 axb4 18. Rxa8 Rxa8 19. Bd2 Nc5 20. Nf5 Bf8 21. Nd4 cxb5 22. Bxb4 Bf7 23. Nxb5 Qb6 24. Qe3 Ra4 25. c3 Qc6 26. Na3 Nxd3 27. Qxd3 Rxa3 28. Bxa3 Bxa3 29. Ra1 Qd6 30. Qxd6 Bxd6 31. Ra8+ Bf8 32. Rc8 Be6 33. Rc7 Ba3 34. c4 Kf8 35. c5 g5 36. c6 Ke8 37. Rxh7 Kd8 38. Rh8+ Kc7 39. Rh6 Be7 40. Rh7 Kd6 41. c7 Bd7 42. h3 Bf8 43. Rf7 Be7 44. Rh7 Bf8 45. g3 Ke6 46. h4 g4 47. h5 Bc8 48. h6 Kd6 49. Rh8 Bxh6 50. Rxh6 Kxc7 51. Rxf6 Bb7 52. Rf7+ Kb6 53. Rxb7+ Kxb7 54. f3 gxf3 55. Kf2 Kc6 56. Kxf3 Kd7 57. Kg4 1-0

[Event "HUN-chT 9899"]
[Site "Hungary"]
[Date "1999.??.??"]
[Round "?"]
[White "Kiss, Gedeon"]
[Black "Bali, Janos"]
[Result "1-0"]
[WhiteElo "2235"]
[BlackElo "2350"]
[PlyCount "67"]
[EventDate "1998.??.??"]
[EventType "team"]
[EventRounds "12"]
[EventCountry "HUN"]
[SourceTitle "EXT 2000"]
[Source "ChessBase"]
[SourceDate "1999.11.16"]
[SourceVersion "1"]
[SourceVersionDate "1999.11.16"]
[SourceQuality "1"]

1. e4 e6 2. d4 d5 3. Nc3 Nf6 4. Bg5 Be7 5. e5 Nfd7 6. Bxe7 Qxe7 7. f4 a6 8. Nf3 c5 9. Qd2 Nc6 10. dxc5 Qxc5 11. 0-0-0 b5 12. Bd3 Nb6 13. h4 Rb8 14. Rh3 b4 15. Ne2 Qa5 16. Kb1 Na4 17. Ka1 Bd7 18. Rg3 g6 19. h5 d4 20. Nfxd4 Nxd4 21. Nxd4 Nc3 22. bxc3 bxc3 23. Qc1 Qb4 24. Qb1 a5 25. Qxb4 axb4 26. Bc4 Ke7 27. Rgd3 Rb7 28. Ba6 Ra7 29. Nb5 Bxb5 30. Bxb5 Rha8 31. Rd7+ Kf8 32. Rxa7 Rxa7 33. h6 Ke7 34. Rb1 1-0

[Event "Papp Bela Memorial"]
[Site "Budapest"]
[Date "1998.??.??"]
[Round "?"]
[White "Bokros, Albert"]
[Black "Kiss, Gedeon"]
[Result "1-0"]
[WhiteElo "2365"]
[BlackElo "2235"]
[PlyCount "95"]
[EventDate "1998.??.??"]
[EventType "swiss"]
[EventRounds "9"]
[EventCountry "HUN"]
[SourceTitle "EXT 2002"]
[Source "ChessBase"]
[SourceDate "2001.11.25"]
[SourceVersion "1"]
[SourceVersionDate "2001.11.25"]
[SourceQuality "1"]

1. e4 c5 2. Nf3 e6 3. d4 cxd4 4. Nxd4 a6 5. Nc3 b5 6. a3 Bb7 7. Bd3 Qb6 8. Nb3 Qc7 9. f4 d6 10. Be3 Nf6 11. Qf3 Nbd7 12. 0-0 Be7 13. g4 h6 14. h4 g5 15. Qh3 gxh4 16. g5 hxg5 17. fxg5 0-0-0 18. Rf4 Nh7 19. Rxf7 Bxg5 20. Kh1 Bxe3 21. Qxe3 Rdg8 22. Nd4 Ng5 23. Rf2 Ne5 24. Rg1 Qc5 25. Nce2 Nc4 26. Bxc4 Bxe4+ 27. Kh2 Qe5+ 28. Rf4 bxc4 29. Rxg5 Rxg5 30. Qxe4 Qxe4 31. Rxe4 e5 32. Nf3 Rf5 33. Rxc4+ Kd7 34. Neg1 d5 35. Rc5 e4 36. Nd4 Rf2+ 37. Kh3 Kd6 38. Rc6+ Ke5 39. Nge2 Re8 40. Rxa6 e3 41. Rh6 Rff8 42. b4 Rh8 43. Rc6 Re7 44. b5 Ke4 45. b6 Rb8 46. a4 Ra8 47. a5 Rxa5 48. b7 1-0